Internal combustion engines and air pollution (Record no. 4453)

000 -LEADER
fixed length control field 00551nam a22001937a 4500
001 - CONTROL NUMBER
control field 4453
003 - CONTROL NUMBER IDENTIFIER
control field BD-DhUET
008 - FIXED-LENGTH DATA ELEMENTS--GENERAL INFORMATION
fixed length control field 141116b xxu||||| |||| 00| 0 eng d
020 ## - INTERNATIONAL STANDARD BOOK NUMBER
International Standard Book Number 0352045600
040 ## - CATALOGING SOURCE
Transcribing agency 0
Modifying agency BD-DhUET
082 ## - DEWEY DECIMAL CLASSIFICATION NUMBER
Classification number 621.43
Item number OBE/1973
100 ## - MAIN ENTRY--PERSONAL NAME
Personal name Obert, Edward F.
245 ## - TITLE STATEMENT
Title Internal combustion engines and air pollution
Remainder of title based on internal combustion engines
250 ## - EDITION STATEMENT
Edition statement 3rd ed.
260 ## - PUBLICATION, DISTRIBUTION, ETC. (IMPRINT)
Place of publication, distribution, etc. New York
Name of publisher, distributor, etc. Intext Educational Publishers
Date of publication, distribution, etc. 1973
300 ## - PHYSICAL DESCRIPTION
Extent xiii, 740 p.
Other physical details ill.
650 #0 - SUBJECT ADDED ENTRY--TOPICAL TERM
Topical term or geographic name as entry element Internal combustion engines
942 ## - ADDED ENTRY ELEMENTS (KOHA)
Koha item type General Book
Holdings
Price effective from Sublocation or collection (holding branch) Copy number Date acquired Not for loan Koha date last seen Withdrawn status Koha issues (times borrowed) Damaged status Koha normalized classification for sorting Source of classification or shelving scheme Location (home branch) Lost status Shelving location Koha item type Koha full call number Koha date last borrowed Piece designation (barcode)
2014-11-16Central Library, BUET 2014-11-16 2015-10-12 1 621_000000000000000_43OBE1973 Central Library, BUET Circulation sectionGeneral Book621.43/OBE/19732014-11-1642113
2015-04-13Central Library, BUET22015-04-13 2018-02-17 3 621_430000000000000_OBE_1973 Central Library, BUET Circulation sectionGeneral Book621.43/OBE/19732018-02-0342111
2015-06-16Central Library, BUET32015-06-16 2015-06-16   621_430000000000000_OBE_1973 Central Library, BUET Reading sectionReading Item621.43/OBE/1973 42105
2015-06-30Central Library, BUET42015-06-30 2015-06-30   621_430000000000000_OBE_1973 Central Library, BUET Reading sectionReading Item621.43/OBE/1973 48959
2015-07-02Central Library, BUET52015-07-02 2015-07-02   621_430000000000000_OBE_1973 Central Library, BUET Reading sectionReading Item621.43/OBE/1973 42108
2015-07-04Central Library, BUET62015-07-04 2015-07-04   621_430000000000000_OBE_1973 Central Library, BUET Reading sectionReading Item621.43/OBE/1973 48939